Manifiesto del Partido Comunista (Registro nro. 67013)
[ vista simple ]
| 000 -ENCABEZADO | |
|---|---|
| Número de control [NR] | 00802nam a2200229Ia 4500 |
| 008 - DE LONGITUD FIJA DE DATOS DE ELEMENTOS - INFORMACIÓN GENERAL | |
| Elementos de longitud fija [NR] | 130821s2005 ag gr spa |
| 020 ## - NUMERO INTERNACIONAL NORMALIZADO PARA LIBROS [R] | |
| Número Internacional Normalizado del libro [NR] | 9875503843 |
| 040 ## - FUENTE DE CATALOGACION [NR] | |
| Agencia de catalogación original [NR] | Co-BoUCM |
| Idioma de catalogación [NR] | spa |
| 041 00 - CODIGO DE IDIOMA [R] | |
| Código de idioma para texto/pista de sonido o título separado [R] | Español |
| 100 1# - ASIENTO PRINCIPAL--NOMBRE PERSONAL [NR] | |
| Nombre personal [NR] | Marx, Karl |
| Fechas asociadas con el nombre [NR] | 1818-1883 |
| ID Autoridad | 34075 |
| 245 10 - MENCION DE TITULO [NR] | |
| Título [NR] | Manifiesto del Partido Comunista |
| Mención de responsabilidad, etc. [NR] | Carlos Marx, Federico Engels ; estudio introductorio, Néstor Kohan |
| 260 ## - PUBLICACION, DISTRIBUCION, ETC. (PIE DE IMPRENTA) [R] | |
| Lugar de publicación, distribución, etc. [R] | Buenos Aires (Argentina) |
| Nombre del editor, distribuidor, etc. [R] | Longseller |
| Fecha de publicación, distribución, etc. [R] | 2005 |
| 300 ## - DESCRIPCION FISICA [R] | |
| Extensión [R] | 204 páginas |
| 490 ## - MENCION DE SERIE [R] | |
| Mención de serie [R] | Clásicos de siempre. |
| -- | pensamiento político |
| 650 04 - ASIENTO SECUNDARIO DE MATERIA - TERMINO TEMATICO [R] | |
| Término temático o nombre geográfico como elemento de entrada [NR] | Ciencia política |
| 9 (RLIN) | 340 |
| 650 04 - ASIENTO SECUNDARIO DE MATERIA - TERMINO TEMATICO [R] | |
| Término temático o nombre geográfico como elemento de entrada [NR] | Comunismo |
| 9 (RLIN) | 11425 |
| 650 04 - ASIENTO SECUNDARIO DE MATERIA - TERMINO TEMATICO [R] | |
| Término temático o nombre geográfico como elemento de entrada [NR] | Partidos políticos |
| 9 (RLIN) | 7900 |
| 700 1# - ASIENTO SECUNDARIO - NOMBRE PERSONAL [R] | |
| Nombre personal [NR] | Engels, Friederich |
| Fechas asociadas con el nombre [NR] | 1820-1895 |
| 9 (RLIN) | 41859 |
| 700 1# - ASIENTO SECUNDARIO - NOMBRE PERSONAL [R] | |
| Nombre personal [NR] | Kohan, Néstor |
| 9 (RLIN) | 41860 |
| 942 ## - ELEMENTOS DE ENTRADA AGREGADOS (KOHA) | |
| Tipo de ítem principal el descrito en 300a | Libro |
| Tema principal | Ciencia política |
| Edición | 1 |
| Parte restante de la signatura top. | M392m |
| Sistema de clasificación | DEWEY |
| Clasificación | 320.532 |
| Fecha de último préstamo | Total préstamos | Total Renewals | Signatura topográfica | Código de barras | Última vez visto | Volúmen / Fascículo | Ejemplar | Price effective from | Tipo de ítem | Perdido | Sistema de clasificación | Dañado | No prestable | Tipo de ítem específico | Suprimido | Ubicación habitual | Ubicación actual | Localización | Fecha de creación | Forma de adquisición | Costo |
|---|---|---|---|---|---|---|---|---|---|---|---|---|---|---|---|---|---|---|---|---|---|
| 24/03/2022 | 62 | 11 | 320.532 M392m | 100105915 | 05/06/2024 | 2005 | Ej.1 | 03/02/2013 | Libro | DEWEY | Libro | Bodega | Bodega | 3er piso | 28/02/2010 | 26000.00 |